| 000 | 00449nam a2200181Ia 4500 | ||
|---|---|---|---|
| 001 | 2440 | ||
| 005 | 20260306144807.0 | ||
| 008 | 260306t2015||||xx |||||||||||||| ||spa|| | ||
| 041 | _aESP | ||
| 082 |
_a616.89 _bS23A |
||
| 100 |
_aSánchez García, Javier _eAUT |
||
| 245 | 0 | _aTrastornos antisociales en niños y adolescentes | |
| 260 | _c2015 | ||
| 300 |
_a293 páginas : _c23 cm. |
||
| 650 | _aGEN | ||
| 654 | _aCPS | ||
| 942 |
_cLIB _dJUS _fJUS _2ddc _n |
||
| 999 |
_c2440 _d2440 |
||